[Event "Online Olym Div3 E"]
[Site "Chess.com INT"]
[Date "2020.08.09"]
[Round "7.5"]
[White "Kalidjo, Imaan"]
[Black "Melara, Moises"]
[Result "1/2-1/2"]
[WhiteElo "1819"]
[BlackElo "2110"]
[PlyCount "110"]
[EventDate "2020.08.07"]
[EventType "team-tourn (rapid)"]
[EventRounds "9"]
[EventCountry "USA"]
[SourceTitle "CBM 198"]
[Source "ChessBase"]
[SourceDate "2020.10.31"]
[SourceVersion "1"]
[SourceVersionDate "2020.10.31"]
[SourceQuality "1"]
[WhiteTeam "Surinam"]
[BlackTeam "El Salvador"]
[WhiteTeamCountry "SUR"]
[BlackTeamCountry "ESA"]

1. d4 Nf6 2. Bg5 Ne4 3. Bf4 c5 4. e3 d5 5. c3 e6 6. Bd3 Nf6 7. Nd2 Nc6 8. Ngf3 Bd6 9. Bg3 0-0 10. 0-0 cxd4 11. exd4 Bxg3 12. hxg3 Qd6 13. Re1 g6 14. Ne5 Nd7 15. Ndf3 f6 16. Nxc6 bxc6 17. Qd2 Kg7 18. Qe2 Re8 19. Nh4 e5 20. dxe5 fxe5 21. Rad1 Nf6 22. Qc2 Bg4 23. f3 Bd7 24. c4 Qc5+ 25. Kh2 e4 26. fxe4 Ng4+ 27. Kh1 Nf2+ 28. Kh2 Nxd1 29. Rxd1 Bg4 30. Rf1 dxe4 31. Bxe4 Rad8 32. Bxg6 Re2 33. Rf7+ Kg8 34. Qc3 Qd4 35. Qxd4 Rxd4 36. Rxh7 Rxc4 37. Rxa7 Rc1 38. Bf7+ Kf8 39. Ng6+ Kg7 40. Bc4+ Kxg6 41. Bxe2 Bxe2 42. g4 Bxg4 43. Kg3 Be6 44. a3 Rc2 45. b4 Bd5 46. Kf4 Rxg2 47. Ke5 Ra2 48. Kd6 Kf5 49. b5 cxb5 50. Kxd5 b4 51. a4 b3 52. Rb7 b2 53. Rb8 Kf4 54. Kd4 Rxa4+ 55. Kc3 Re4 1/2-1/2

[Event "Online Olym Div3 E"]
[Site "Chess.com INT"]
[Date "2020.08.07"]
[Round "3.3"]
[White "Miller Matute, Marlon Eduardo"]
[Black "Melara, Moises"]
[Result "0-1"]
[WhiteElo "2092"]
[BlackElo "2110"]
[PlyCount "66"]
[EventDate "2020.08.07"]
[EventType "team-tourn (rapid)"]
[EventRounds "9"]
[EventCountry "USA"]
[SourceTitle "CBM 198"]
[Source "ChessBase"]
[SourceDate "2020.10.31"]
[SourceVersion "1"]
[SourceVersionDate "2020.10.31"]
[SourceQuality "1"]
[WhiteTeam "Honduras"]
[BlackTeam "El Salvador"]
[WhiteTeamCountry "HON"]
[BlackTeamCountry "ESA"]

1. d4 Nf6 2. Nf3 g6 3. c4 Bg7 4. g3 0-0 5. Bg2 d6 6. 0-0 Nbd7 7. Nc3 e5 8. dxe5 dxe5 9. Qc2 c6 10. Rd1 Qe7 11. h3 Nc5 12. b4 Bf5 13. Qb2 Nce4 14. Be3 Nxc3 15. Qxc3 Ne4 16. Qb3 a5 17. a3 axb4 18. axb4 Rxa1 19. Rxa1 Rd8 20. Nh4 Nd2 21. Nxf5 gxf5 22. Qc2 Ne4 23. Bxe4 fxe4 24. Qxe4 Qxb4 25. Rb1 Qe7 26. Kg2 Qd7 27. g4 b5 28. cxb5 cxb5 29. Ra1 Rb8 30. Ra7 Qe8 31. h4 b4 32. Rb7 b3 33. Qb4 Qc6+ 0-1

[Event "World School-ch U17"]
[Site "Durres"]
[Date "2018.04.28"]
[Round "8"]
[White "Melara, Moises"]
[Black "Ibrahimli, Murad Sultanali"]
[Result "0-1"]
[WhiteElo "2081"]
[BlackElo "2305"]
[PlyCount "86"]
[EventDate "2018.04.21"]
[EventType "swiss"]
[EventRounds "9"]
[EventCountry "ALB"]
[SourceTitle "CBM 184 Extra"]
[Source "ChessBase"]
[SourceDate "2018.06.28"]
[SourceVersion "1"]
[SourceVersionDate "2018.06.28"]
[SourceQuality "1"]

1. e4 g6 2. d4 Bg7 3. c3 d6 4. Nf3 Nf6 5. Bd3 Nc6 6. 0-0 0-0 7. Nbd2 e5 8. h3 Nh5 9. dxe5 Nxe5 10. Nxe5 dxe5 11. Nf3 h6 12. Bc4 Qf6 13. Qe2 b6 14. Nh2 Kh7 15. Ng4 Qh4 16. Bd5 Rb8 17. Be3 f5 18. exf5 gxf5 19. Nh2 Nf4 20. Qc4 c6 21. Bf7 Rb7 22. Nf3 Nxh3+ 23. Kh2 Qf6 24. Bh5 Ng5 25. Nxg5+ hxg5 26. Rh1 Bh6 27. Kg1 Kg7 28. Bf3 f4 29. Bd2 Rc7 30. Re1 Rd8 31. Qe2 Re7 32. c4 Kf8 33. Bc3 Bg7 34. Qe4 g4 35. Bd1 Bf5 36. Qe2 Qg6 37. c5 b5 38. Rh4 Qg5 39. Rxg4 Bxg4 40. Qxg4 Qxg4 41. Bxg4 e4 42. Ba5 Rd5 43. Bc7 Rxc7 0-1

[Event "San Salvador zt 2.3"]
[Site "San Salvador"]
[Date "2017.05.29"]
[Round "7"]
[White "Chavez, Hector Eduardo"]
[Black "Melara, Moises"]
[Result "1/2-1/2"]
[WhiteElo "2112"]
[BlackElo "2001"]
[PlyCount "98"]
[EventDate "2017.05.26"]
[EventType "swiss"]
[EventRounds "9"]
[EventCountry "ESA"]
[SourceTitle "CBM 178 Extra"]
[Source "ChessBase"]
[SourceDate "2017.06.22"]
[SourceVersion "1"]
[SourceVersionDate "2017.06.22"]
[SourceQuality "1"]

1. e4 c5 2. Nf3 e6 3. d4 cxd4 4. Nxd4 a6 5. Nc3 Qc7 6. Bd3 Nf6 7. 0-0 b5 8. Re1 d6 9. a4 b4 10. Na2 Bb7 11. Nxb4 Be7 12. c3 Nbd7 13. f4 g6 14. a5 e5 15. Nf3 Ng4 16. Qe2 exf4 17. Bxf4 Nde5 18. Nd4 Nxd3 19. Qxd3 Qc5 20. Nd5 Ne5 21. Qg3 Bxd5 22. exd5 f6 23. b4 Qxd5 24. Rad1 Qc4 25. Qh3 Rc8 26. Re3 h5 27. Ne2 g5 28. Bxe5 dxe5 29. Qf5 Rc7 30. Qg6+ Qf7 31. Qd3 Qe6 32. Nd4 Qc4 33. Qg6+ Qf7 34. Qxf7+ Kxf7 35. Nf5 Rhc8 36. Nd6+ Bxd6 37. Rxd6 Rc6 38. Red3 Ke7 39. Rxc6 Rxc6 40. Kf2 f5 41. h4 e4 42. Rd4 gxh4 43. c4 Rd6 44. Ke3 Rxd4 45. Kxd4 Kd6 46. b5 axb5 47. cxb5 Kc7 48. Ke3 Kb7 49. Kf4 Ka7 1/2-1/2

[Event "Pan American-ch U20"]
[Site "San Salvador"]
[Date "2015.07.21"]
[Round "9"]
[White "Guzman, Oswaldo"]
[Black "Melara, Moises"]
[Result "1-0"]
[WhiteElo "2066"]
[BlackElo "1772"]
[PlyCount "67"]
[EventDate "2015.07.16"]
[EventType "swiss"]
[EventRounds "9"]
[EventCountry "ESA"]
[SourceTitle "EXT 2016"]
[Source "ChessBase"]
[SourceDate "2015.10.08"]
[SourceVersion "1"]
[SourceVersionDate "2015.10.08"]
[SourceQuality "1"]

1. e4 e6 2. d4 d5 3. e5 c5 4. c3 Nc6 5. Nf3 Qb6 6. a3 a5 7. Bd3 Bd7 8. Bc2 Rc8 9. 0-0 Be7 10. b3 h5 11. h4 Nh6 12. Bg5 Bxg5 13. hxg5 Ng4 14. g6 f5 15. exf6 gxf6 16. Qd3 Kf8 17. Nbd2 Kg7 18. Rfe1 cxd4 19. cxd4 Ne7 20. Nf1 Nf5 21. Qd2 Nd6 22. Rac1 a4 23. bxa4 Nc4 24. Qb4 Qxb4 25. axb4 Rhe8 26. Ng3 Kh6 27. g7 Rg8 28. Bd3 Rxg7 29. Bxc4 dxc4 30. Nd2 Bxa4 31. Rxe6 c3 32. Nde4 Kg6 33. Rxc3 Rxc3 34. Nxc3 1-0